| 000 | 00600nam a2200205Ia 4500 | ||
|---|---|---|---|
| 003 | IN-BaIIA | ||
| 008 | 211028s9999 xx 000 0 eng d | ||
| 020 | _a0-306-31115-1 | ||
| 040 | _cIIA Library | ||
| 080 |
_a539.18 _bPRO |
||
| 100 |
_aHanle, W. _910825 |
||
| 245 | 0 |
_aProgress in atomic spectroscope _bpt. A _cW. Hanle |
|
| 260 |
_aNew York _bPlenum Press _c1978 |
||
| 300 | _axxxvi, 712p. | ||
| 650 |
_aAtomic physics _91547 |
||
| 650 |
_aAtomic spectra _91533 |
||
| 650 |
_aMolecular physics _91914 |
||
| 650 | _aNASA thesaurus | ||
| 942 | _cBK | ||
| 999 |
_c6309 _d6309 |
||